00000000nam 2200000zi 4500
0019.923357
003CaOODSP
00520251031142448
006m     o  d f      
007cr cn|||||||||
008230531t20232023oncdab  ob   f000 0 eng d
020 |a9780660489629
040 |aCaOODSP|beng|erda|cCaOODSP
041 |aeng|beng|bfre
043 |an-cn-ab
0861 |aM183-2/8982E-PDF
1001 |aLavoie, D., |eauthor.
24510|aSandstone composition and diagenesis of the Paskapoo Formation and their significance for shallow groundwater aquifer in the Fox Creek area, west-central Alberta / |cD. Lavoie, V. Tremblay, and C. Rivard.
264 1|a[Ottawa] : |bGeological Survey of Canada, |c2023.
264 4|c©2023
300 |a1 online resource (92 pages) : |bcharts, illustrations, maps.
336 |atext|btxt|2rdacontent
337 |acomputer|bc|2rdamedia
338 |aonline resource|bcr|2rdacarrier
4901 |aOpen file, |x2816-7155 ; |v8982
504 |aIncludes bibliographical references (pages 41-48).
520 |a"The shallow aquifer in the Fox Creek area is hosted by the Paleocene Paskapoo Formation. The formation consists of fluvial deposits with channel-filled high-energy sandstone cutting through fine grained, low energy overbank sediments. Three internal members are recognized, these members define three hydrostratigraphic units (two aquifers and one aquitard)"--Abstract, page 7.
546 |aIncludes abstract in French.
650 0|aAquifers|zAlberta|zFox Creek.
650 0|aSandstone|zAlberta|zFox Creek.
650 6|aAquifères|zAlberta|zFox Creek.
650 6|aGrès|zAlberta|zFox Creek.
7102 |aGeological Survey of Canada, |eissuing body.
830#0|aOpen file (Geological Survey of Canada)|x2816-7155 ; |v8982.|w(CaOODSP)9.506878
85640|qPDF|s61.21 MB|uhttps://publications.gc.ca/collections/collection_2023/rncan-nrcan/m183-2/M183-2-8982-eng.pdf
8564 |qHTML|sN/A|uhttps://doi.org/10.4095/331923